01266cam a2200301 a 4500001001400000003000800014005001700022006001900039007001500058008004100073020003800114040003000152050001000182082001400192100002500206245009900231260002700330300003600357520023800393521001700631588004700648504005100695650001900746655002900765710001600794776003500810856011900845EDZ0000083343StDuBDS20161031105156.0m||||||||d||||||||cr |||||||||||120427s2011 enk fo| 001|0|eng|d a9781446251324 (ebook) :cNo price aStDuBDSbengcStDuBDSepn 4aQP36004a612.82231 aHamilton-West, Kate.10aPsychobiological processes in health and illnessh[electronic resource] /cKate Hamilton-West. aLondon :bSAGE,c2011. a1 online resource (xix, 234 p.)8 a'Psychobiological Processes in Health and Illness' is an accessible and engaging introduction to the interrelationships between mind and body across a broad range of topics including infectious illness, autoimmunity, cancer and pain. aSpecialized. aDescription based on print version record. aIncludes bibliographical references and index. 0aPsychobiology. 7aElectronic books.2local2 aSage eBooks08iPrint version :z978184787244940uhttp://ezproxy.alfaisal.edu/login?url=http://sk.sagepub.com/books/psychobiological-processes-in-health-and-illness